000 02049cam a22004814i 4500
003 PE-LiUPU
005 20250731173135.0
008 150623s r 000 0 d
020 _a0805410686
035 _a(Sirsi) i9780805410686
040 _aPE-LiUPU
_bspa
_cPE-LiUPU
_erda
049 _aPRUA
100 1 _aBraswell, George W.,
_eautor.
245 1 0 _aUnderstanding world religions /
_cGeorge W. Braswell.
264 1 _aNashville, Tennessee :
_bBroadman & Holman Publishers,
_c1994.
300 _a206 páginas ;
_c23 centímetros
336 _atext
_2rdacontent
337 _aunmediated
_2rdamedia
338 _avolume
_2rdacarrier
504 _aIncluye referencias bibliográficas.
505 0 _aAn overview of peoples and their religions. -Hinduism. -Buddhism. -Chinese and Japanese religious traditions. -Judaism. -Christianity. -Islam. -Other select religious traditions. -Religions in action: a case study of the middle east and Iran. -Christian perspectives and world religions. -Reflective exercises and suggested readings.
526 _aSEG42
526 _aSEG41
526 _aSEG40
526 _aSEG39
526 _aP94
526 _aP87
526 _aP86
526 _aP85
526 _aP77
526 _aP76
526 _aP35
650 0 4 _aReligiones.
942 _2ddc
_cBOOK
949 _a291 B81
_wDEWEY
_c1
_i42256
_lCCODEBUL1
_mBUL
_r0
_sY
_tBOOK
_u2015-6-24
_xTEOLOGIA
_zUNKNOWN
_0COMPRA
_o.STAFF. Colección General
949 _a291 B81
_wDEWEY
_c2
_i52219
_lCCODEBUL1
_mBUL
_p10.00
_r0
_sY
_tBOOK
_u2015-6-24
_xTEOLOGIA
_PP35
_0COMPRA
_o.STAFF. Colección General
994 _aC0
_bPEPRU
596 _a1
999 _a291 B81
_wDEWEY
_c34031
_i42256
_f2021-11-11
_g5
_lCCODEBUL1
_mBUL
_r0
_sY
_tBOOK
_u2015-6-24
_xTEOLOGIA
_zUNKNOWN
_0COMPRA
_o.STAFF. Colección General
_d34031
999 _a291 B81
_wDEWEY
_c2
_i52219
_f2021-11-11
_g5
_lCCODEBUL1
_mBUL
_p10.00
_r0
_sY
_tBOOK
_u2015-6-24
_xTEOLOGIA
_PP35
_0COMPRA
_o.STAFF. Colección General
980 _81
_gALBERTO SANCHEZ Responsable de Automatización